000 00419nam a2200169Ia 4500
008 230711s9999||||xx |||||||||||||| ||und||
020 _a91-261-0210-1
041 _aENG
082 _a635.03
_bJA-D
100 _aJayachandran, B.K
245 0 _aDictionary of Horticulture
260 _c1999
_aNew Delhi
_bAnmol Publication(P) Ltd.
300 _a153p.
650 _aAgriculture
700 _aRajmohan, k.
942 _cBK
999 _c7545
_d7545